| 000 | 01047nam a22003257a 4500 | ||
|---|---|---|---|
| 003 | CHAP | ||
| 005 | 20220329134925.0 | ||
| 008 | 971013s1972 r 00010 d | ||
| 010 | _a28122 | ||
| 011 | _a29094 | ||
| 035 | _a33205 | ||
| 040 | _cCHAP | ||
| 090 | _aFolleto 1943 | ||
| 100 | 0 | 0 |
_aLand Tenure Center. Madison, Wis. Library. _964638 |
| 245 |
_aEast and southeast Asia _b: a bibliography |
||
| 260 |
_aMadison : _bThe center, _c1972 |
||
| 300 | _a46 p. | ||
| 490 |
_aTraining and methods series _v; 14. Supl. |
||
| 590 |
_aBATCH-UPD _b10 _c20130110 _lUCH01 _h2147 |
||
| 590 |
_aBATCH-UPD _b10 _c20130410 _lUCH01 _h1455 |
||
| 590 |
_aBATCH-UPD _b10 _c20130914 _lUCH01 _h1014 |
||
| 590 |
_aCONVERSION _b10 _c20130109 _lUCH01 _h1316 |
||
| 650 | 1 | 4 |
_aAsia _xCondiciones económicas. _97939 |
| 650 | 1 | 4 |
_aAsia _xCondiciones sociales. _97941 |
| 650 | 1 | 4 |
_aReforma agraria _xAsia. _995524 |
| 830 | 0 |
_aTraining and methods series _v; 14. Supl. _9114599 |
|
| 901 | _aBK | ||
| 942 | _cFOLL | ||
| 949 |
_aFolleto 1943 _bBC _cFOLL _d-77124 _eTS1 _i33205 _si |
||
| 999 |
_c28122 _d28122 |
||